[Event "DVM U10 2017"]
[Site "Magdeburg GER"]
[Date "2017.12.27"]
[Round "1"]
[White "Böhm, Karl"]
[Black "Spinka, Georg Kamil"]
[Result "1-0"]
[Termination "normal"]
[Board "4.1"]
[WhiteElo "1591"]
[BlackElo "950"]
[WhiteClock "00:15:06"]
[BlackClock "00:02:57"]
[WhiteTeam "Muldental Wilkau-Haßlau 1"]
[BlackTeam "SV Roter Turm Halle 2"]
[PlyCount "60"]
[WhiteFideId "16209800"]
[BlackFideId "16297962"]
[EventCountry "GER"]
[EventRounds "7"]
[EventType "team-swiss"]
[EventDate "2017.12.27"]

1. e4 {[%clk 0:59:57]} c5 {[%clk 0:59:52]} 2. Nf3 {[%clk 0:59:51]} d6 {[%clk
0:59:37]} 3. Bb5+ {[%clk 0:59:47]} Bd7 {[%clk 0:59:07]} 4. Bxd7+ {[%clk
0:59:41]} Nxd7 {[%clk 0:59:01]} 5. O-O {[%clk 0:59:28]} Ngf6 {[%clk 0:58:39]}
6. Re1 {[%clk 0:59:14]} g6 {[%clk 0:57:59]} 7. Nc3 {[%clk 0:58:50]} Bg7 {[%clk
0:57:42]} 8. d3 {[%clk 0:58:32]} O-O {[%clk 0:57:32]} 9. Bf4 {[%clk 0:57:27]}
e5 {[%clk 0:56:14]} 10. Bd2 {[%clk 0:57:00]} Re8 {[%clk 0:54:22]} 11. Bg5
{[%clk 0:56:17]} Qc7 {[%clk 0:51:22]} 12. Bxf6 {[%clk 0:55:54]} Nxf6 {[%clk
0:50:48]} 13. Nd2 {[%clk 0:55:45]} Qb6 {[%clk 0:46:48]} 14. Rb1 {[%clk
0:54:54]} Rad8 {[%clk 0:43:06]} 15. Nf1 {[%clk 0:50:51]} d5 {[%clk 0:41:00]}
16. Qf3 {[%clk 0:49:47]} d4 {[%clk 0:39:49]} 17. Nd1 {[%clk 0:46:24]} a6 {[%clk
0:37:13]} 18. Nd2 {[%clk 0:46:00]} Qa5 {[%clk 0:36:52]} 19. c3 {[%clk 0:44:21]}
Qxa2 {[%clk 0:34:54]} 20. Qe2 {[%clk 0:41:03]} Bh6 {[%clk 0:32:13]} 21. Rc1
{[%clk 0:38:43]} Nh5 {[%clk 0:29:00]} 22. g3 {[%clk 0:37:41]} dxc3 {[%clk
0:25:10]} 23. Rxc3 {[%clk 0:36:23]} Qa5 {[%clk 0:22:18]} 24. Nc4 {[%clk
0:34:56]} Qb4 {[%clk 0:18:43]} 25. Nde3 {[%clk 0:32:55]} Rd4 {[%clk 0:12:42]}
26. Nd5 {[%clk 0:30:45]} Qa4 {[%clk 0:10:56]} 27. Qf3 {[%clk 0:25:04]} b5
{[%clk 0:08:51]} 28. Ncb6 {[%clk 0:22:24]} Qa5 {[%clk 0:07:46]} 29. Rf1 {[%clk
0:16:48]} b4 {[%clk 0:05:04]} 30. Rc2 {[%clk 0:15:06]} Rd8 {[%clk 0:02:57]} *

[Event "DVM U10 2017"]
[Site "Magdeburg GER"]
[Date "2017.12.27"]
[Round "1"]
[White "Rumpold, Jaron"]
[Black "Pohle, Saskia"]
[Result "0-1"]
[Termination "normal"]
[Board "4.2"]
[WhiteElo "1126"]
[BlackElo "1511"]
[WhiteClock "00:40:36"]
[BlackClock "00:40:54"]
[WhiteTeam "SV Roter Turm Halle 2"]
[BlackTeam "Muldental Wilkau-Haßlau 1"]
[PlyCount "31"]
[WhiteFideId "16265793"]
[BlackFideId "16201604"]
[EventCountry "GER"]
[EventRounds "7"]
[EventType "team-swiss"]
[EventDate "2017.12.27"]

1. d4 {[%clk 0:59:57]} d5 {[%clk 0:59:55]} 2. c4 {[%clk 0:59:50]} e6 {[%clk
0:59:50]} 3. Nc3 {[%clk 0:59:44]} Nf6 {[%clk 0:59:45]} 4. Nf3 {[%clk 0:59:32]}
c6 {[%clk 0:58:50]} 5. Bf4 {[%clk 0:58:22]} Nbd7 {[%clk 0:57:03]} 6. e3 {[%clk
0:56:52]} Bb4 {[%clk 0:56:20]} 7. Qc2 {[%clk 0:55:37]} O-O {[%clk 0:54:59]} 8.
a3 {[%clk 0:54:22]} Be7 {[%clk 0:54:53]} 9. Bd3 {[%clk 0:54:05]} dxc4 {[%clk
0:52:22]} 10. Bxc4 {[%clk 0:53:46]} Nb6 {[%clk 0:52:17]} 11. Bd3 {[%clk
0:51:43]} Nfd5 {[%clk 0:49:26]} 12. Nxd5 {[%clk 0:49:25]} Nxd5 {[%clk 0:49:21]}
13. Bg3 {[%clk 0:47:49]} h6 {[%clk 0:46:13]} 14. O-O {[%clk 0:45:59]} Bf6
{[%clk 0:43:27]} 15. Be5 {[%clk 0:43:22]} Qe7 {[%clk 0:40:54]} 16. e4 {[%clk
0:40:36]} *

[Event "DVM U10 2017"]
[Site "Magdeburg GER"]
[Date "2017.12.27"]
[Round "1"]
[White "Buschmann, Mark"]
[Black "Boye, Friedrich"]
[Result "1-0"]
[Termination "normal"]
[Board "4.3"]
[WhiteElo "1326"]
[BlackElo "1023"]
[WhiteClock "00:41:19"]
[BlackClock "00:30:18"]
[WhiteTeam "Muldental Wilkau-Haßlau 1"]
[BlackTeam "SV Roter Turm Halle 2"]
[PlyCount "34"]
[WhiteFideId "16275217"]
[BlackFideId "34618120"]
[EventCountry "GER"]
[EventRounds "7"]
[EventType "team-swiss"]
[EventDate "2017.12.27"]

1. e4 {[%clk 0:59:52]} e5 {[%clk 0:59:57]} 2. Nf3 {[%clk 0:59:38]} Nc6 {[%clk
0:59:39]} 3. Bc4 {[%clk 0:59:22]} h6 {[%clk 0:58:53]} 4. Nc3 {[%clk 0:58:38]}
Nf6 {[%clk 0:58:43]} 5. d3 {[%clk 0:58:00]} Bc5 {[%clk 0:58:08]} 6. Be3 {[%clk
0:57:48]} Bxe3 {[%clk 0:57:04]} 7. fxe3 {[%clk 0:57:16]} O-O {[%clk 0:56:43]}
8. O-O {[%clk 0:56:33]} d6 {[%clk 0:56:06]} 9. d4 {[%clk 0:55:51]} exd4 {[%clk
0:53:20]} 10. exd4 {[%clk 0:55:09]} Ng4 {[%clk 0:52:02]} 11. Qd2 {[%clk
0:52:44]} Qe8 {[%clk 0:48:20]} 12. h3 {[%clk 0:48:44]} Nf6 {[%clk 0:45:50]} 13.
Qe3 {[%clk 0:46:01]} Be6 {[%clk 0:42:45]} 14. Bb3 {[%clk 0:44:38]} Bxb3 15.
axb3 {[%clk 0:43:52]} d5 {[%clk 0:40:20]} 16. e5 {[%clk 0:42:45]} Nb4 {[%clk
0:35:48]} 17. Rac1 {[%clk 0:41:19]} Rd8 {[%clk 0:30:18]} *

[Event "DVM U10 2017"]
[Site "Magdeburg GER"]
[Date "2017.12.27"]
[Round "1"]
[White "Berger, Janosch"]
[Black "Helmer, Teo"]
[Result "1-0"]
[Termination "normal"]
[Board "4.4"]
[WhiteElo "1017"]
[BlackElo "1159"]
[WhiteClock "00:20:12"]
[BlackClock "00:09:59"]
[WhiteTeam "SV Roter Turm Halle 2"]
[BlackTeam "Muldental Wilkau-Haßlau 1"]
[PlyCount "60"]
[WhiteFideId "16275020"]
[BlackFideId "16275225"]
[EventCountry "GER"]
[EventRounds "7"]
[EventType "team-swiss"]
[EventDate "2017.12.27"]

1. c4 {[%clk 0:59:57]} d6 {[%clk 0:59:43]} 2. Nc3 {[%clk 0:59:49]} g6 {[%clk
0:59:27]} 3. d4 {[%clk 0:59:36]} Bg7 4. Nf3 b6 5. g3 Bb7 {[%clk 0:56:45]} 6.
Bg2 {[%clk 0:58:58]} Nd7 {[%clk 0:54:42]} 7. Bd2 {[%clk 0:56:40]} e5 {[%clk
0:52:09]} 8. Bg5 {[%clk 0:56:14]} Ne7 {[%clk 0:50:34]} 9. Nd5 {[%clk 0:54:06]}
f6 {[%clk 0:48:10]} 10. Nxe7 {[%clk 0:52:57]} Qxe7 {[%clk 0:47:54]} 11. Be3
{[%clk 0:51:38]} O-O {[%clk 0:43:54]} 12. O-O {[%clk 0:48:13]} Rad8 {[%clk
0:40:39]} 13. d5 {[%clk 0:45:28]} Qf7 {[%clk 0:38:40]} 14. Qd2 {[%clk 0:44:26]}
c6 {[%clk 0:36:05]} 15. Nh4 {[%clk 0:42:27]} Rc8 {[%clk 0:32:33]} 16. Rac1
{[%clk 0:39:30]} Rc7 {[%clk 0:31:23]} 17. dxc6 {[%clk 0:36:49]} Bxc6 {[%clk
0:28:03]} 18. Qxd6 Rfc8 19. Bd5 {[%clk 0:32:49]} Bxd5 {[%clk 0:26:44]} 20. cxd5
{[%clk 0:32:40]} Nc5 {[%clk 0:24:43]} 21. f3 {[%clk 0:31:08]} Rd7 {[%clk
0:22:21]} 22. Qxd7 {[%clk 0:28:53]} Qxd7 {[%clk 0:20:17]} 23. b4 {[%clk
0:28:20]} Nb7 {[%clk 0:18:24]} 24. g4 {[%clk 0:27:16]} f5 {[%clk 0:16:12]} 25.
gxf5 {[%clk 0:25:53]} gxf5 {[%clk 0:15:46]} 26. f4 {[%clk 0:24:00]} Bf6 {[%clk
0:12:29]} 27. Bf2 {[%clk 0:22:37]} Qg7+ {[%clk 0:11:52]} 28. Bg3 {[%clk
0:22:09]} Bxh4 {[%clk 0:11:41]} 29. Rxc8+ {[%clk 0:21:52]} Nd8 {[%clk 0:10:55]}
30. fxe5 {[%clk 0:20:12]} Qd7 {[%clk 0:09:59]} *

[Event "DVM U10 2017"]
[Site "Magdeburg GER"]
[Date "2017.12.28"]
[Round "4"]
[White "Klühs, Gustaf"]
[Black "Richter, Nicholas"]
[Result "1/2-1/2"]
[Termination "normal"]
[Board "1.1"]
[WhiteElo "1763"]
[BlackElo "1317"]
[WhiteClock "00:26:43"]
[BlackClock "00:37:27"]
[WhiteTeam "SC Borussia 1920 Friedrichsfelde"]
[BlackTeam "USV TU Dresden 1"]
[PlyCount "62"]
[WhiteFideId "16228936"]
[BlackFideId "16244834"]
[EventCountry "GER"]
[EventRounds "7"]
[EventType "team-swiss"]
[EventDate "2017.12.27"]

1. Nf3 {[%clk 0:59:59]} d5 {[%clk 0:59:51]} 2. g3 {[%clk 0:59:54]} Nc6 {[%clk
0:59:36]} 3. d4 {[%clk 0:59:20]} Bf5 {[%clk 0:59:10]} 4. c3 {[%clk 0:59:03]} e6
{[%clk 0:58:35]} 5. Bg2 {[%clk 0:58:55]} Nf6 {[%clk 0:58:34]} 6. O-O {[%clk
0:58:40]} Bd6 {[%clk 0:58:32]} 7. Re1 {[%clk 0:57:14]} O-O {[%clk 0:58:21]} 8.
Nh4 {[%clk 0:56:38]} Bg6 {[%clk 0:57:17]} 9. Nxg6 {[%clk 0:56:25]} hxg6 {[%clk
0:57:15]} 10. Bg5 {[%clk 0:55:51]} Re8 {[%clk 0:56:49]} 11. f4 {[%clk 0:55:23]}
Na5 {[%clk 0:55:56]} 12. Nd2 {[%clk 0:53:42]} c5 {[%clk 0:55:32]} 13. e3 {[%clk
0:53:20]} cxd4 {[%clk 0:54:34]} 14. exd4 {[%clk 0:50:31]} b5 {[%clk 0:54:00]}
15. b4 {[%clk 0:48:19]} Nb7 {[%clk 0:52:31]} 16. Nb3 {[%clk 0:46:44]} Rc8
{[%clk 0:52:00]} 17. Nc5 {[%clk 0:46:32]} Nxc5 {[%clk 0:49:24]} 18. bxc5 {[%clk
0:46:28]} Bc7 {[%clk 0:49:02]} 19. Bxf6 {[%clk 0:45:39]} gxf6 {[%clk 0:48:14]}
20. Qd3 {[%clk 0:45:00]} Qd7 {[%clk 0:48:00]} 21. Bf1 {[%clk 0:44:32]} a6
{[%clk 0:47:46]} 22. Bh3 {[%clk 0:43:51]} Qc6 {[%clk 0:47:16]} 23. a4 {[%clk
0:41:03]} bxa4 {[%clk 0:46:00]} 24. Ra3 {[%clk 0:39:47]} Rb8 {[%clk 0:43:23]}
25. Rea1 {[%clk 0:37:17]} e5 {[%clk 0:42:56]} 26. fxe5 {[%clk 0:36:43]} fxe5
{[%clk 0:42:42]} 27. Rxa4 {[%clk 0:35:33]} a5 {[%clk 0:42:19]} 28. Bf1 {[%clk
0:33:00]} e4 {[%clk 0:40:02]} 29. Qe3 {[%clk 0:31:59]} Kg7 {[%clk 0:39:13]} 30.
c4 {[%clk 0:30:07]} Rb2 {[%clk 0:37:48]} 31. R4a2 {[%clk 0:26:43]} Rb4 {[%clk
0:37:27]} 1/2-1/2

[Event "DVM U10 2017"]
[Site "Magdeburg GER"]
[Date "2017.12.28"]
[Round "4"]
[White "Kempe, Caius Emilian"]
[Black "Zielke, Ansgar"]
[Result "0-1"]
[Termination "normal"]
[Board "1.2"]
[WhiteElo "1523"]
[BlackElo "1550"]
[WhiteClock "00:47:47"]
[BlackClock "00:37:51"]
[WhiteTeam "USV TU Dresden 1"]
[BlackTeam "SC Borussia 1920 Friedrichsfelde"]
[PlyCount "44"]
[WhiteFideId "16246861"]
[BlackFideId "16244800"]
[EventCountry "GER"]
[EventRounds "7"]
[EventType "team-swiss"]
[EventDate "2017.12.27"]

1. d4 {[%clk 0:59:51]} d5 {[%clk 0:59:55]} 2. Nc3 {[%clk 0:59:39]} Nf6 {[%clk
0:59:47]} 3. Bg5 {[%clk 0:59:26]} e6 {[%clk 0:59:12]} 4. e4 {[%clk 0:59:17]}
dxe4 {[%clk 0:58:22]} 5. Nxe4 {[%clk 0:58:58]} Be7 {[%clk 0:58:06]} 6. Bxf6
{[%clk 0:58:48]} Bxf6 {[%clk 0:58:00]} 7. Nf3 {[%clk 0:58:40]} O-O {[%clk
0:57:02]} 8. Bc4 {[%clk 0:58:02]} b6 {[%clk 0:55:38]} 9. c3 {[%clk 0:57:45]}
Bb7 {[%clk 0:55:28]} 10. Qc2 {[%clk 0:57:35]} Nd7 {[%clk 0:50:55]} 11. O-O
{[%clk 0:56:55]} c5 {[%clk 0:47:15]} 12. dxc5 Nxc5 {[%clk 0:46:44]} 13. Nxc5
{[%clk 0:55:25]} bxc5 {[%clk 0:46:35]} 14. Rad1 {[%clk 0:55:01]} Qc7 {[%clk
0:46:16]} 15. Nd2 {[%clk 0:54:23]} Rab8 {[%clk 0:44:09]} 16. Nb3 {[%clk
0:54:14]} Rfc8 {[%clk 0:41:39]} 17. Rd2 {[%clk 0:53:30]} Qf4 {[%clk 0:41:01]}
18. Bd3 {[%clk 0:52:15]} Be5 {[%clk 0:38:53]} 19. Re1 {[%clk 0:49:16]} Qxh2+
{[%clk 0:38:31]} 20. Kf1 {[%clk 0:49:08]} Bxg2+ {[%clk 0:38:06]} 21. Ke2 {[%clk
0:48:56]} Qh5+ {[%clk 0:37:57]} 22. Ke3 {[%clk 0:47:47]} Qf3# {[%clk 0:37:51]}
0-1

[Event "DVM U10 2017"]
[Site "Magdeburg GER"]
[Date "2017.12.28"]
[Round "4"]
[White "Ermitsch, Magnus"]
[Black "Espig, Nils"]
[Result "1/2-1/2"]
[Termination "normal"]
[Board "1.3"]
[WhiteElo "1466"]
[BlackElo "1424"]
[WhiteClock "00:25:15"]
[BlackClock "00:10:12"]
[WhiteTeam "SC Borussia 1920 Friedrichsfelde"]
[BlackTeam "USV TU Dresden 1"]
[PlyCount "46"]
[WhiteFideId "16234464"]
[BlackFideId "16236980"]
[EventCountry "GER"]
[EventRounds "7"]
[EventType "team-swiss"]
[EventDate "2017.12.27"]

1. e4 {[%clk 0:59:16]} e5 {[%clk 0:59:48]} 2. Nf3 {[%clk 0:58:53]} Nc6 {[%clk
0:59:07]} 3. d4 {[%clk 0:58:21]} exd4 {[%clk 0:57:38]} 4. Nxd4 {[%clk 0:57:39]}
Nxd4 {[%clk 0:53:43]} 5. Qxd4 {[%clk 0:57:07]} d6 {[%clk 0:52:36]} 6. Bc4
{[%clk 0:56:47]} Nf6 {[%clk 0:51:58]} 7. Bg5 {[%clk 0:56:25]} Be7 {[%clk
0:50:51]} 8. Nc3 {[%clk 0:55:29]} O-O {[%clk 0:49:08]} 9. O-O {[%clk 0:54:53]}
Be6 {[%clk 0:48:21]} 10. Bb3 {[%clk 0:52:58]} Qd7 {[%clk 0:46:01]} 11. Rfe1
{[%clk 0:51:42]} Rfe8 {[%clk 0:44:20]} 12. f4 {[%clk 0:50:40]} Rad8 {[%clk
0:37:54]} 13. f5 {[%clk 0:44:14]} Bxb3 {[%clk 0:35:58]} 14. axb3 {[%clk
0:43:56]} a6 {[%clk 0:34:29]} 15. Re3 {[%clk 0:42:56]} b6 {[%clk 0:26:46]} 16.
Na4 {[%clk 0:31:06]} c5 {[%clk 0:20:51]} 17. Qd3 {[%clk 0:29:49]} b5 {[%clk
0:18:48]} 18. Nc3 {[%clk 0:29:08]} Ng4 {[%clk 0:15:37]} 19. Bxe7 {[%clk
0:28:02]} Qxe7 {[%clk 0:14:11]} 20. Rg3 {[%clk 0:26:32]} Nf6 {[%clk 0:12:55]}
21. Re1 {[%clk 0:25:42]} b4 {[%clk 0:11:03]} 22. Nd5 {[%clk 0:25:25]} Nxd5
{[%clk 0:10:57]} 23. Qxd5 {[%clk 0:25:15]} Qe5 {[%clk 0:10:12]} 1/2-1/2

[Event "DVM U10 2017"]
[Site "Magdeburg GER"]
[Date "2017.12.28"]
[Round "4"]
[White "Baier, Fabian"]
[Black "Zobel, Christian Erik"]
[Result "0-1"]
[Termination "normal"]
[Board "1.4"]
[WhiteElo "1123"]
[BlackElo "1332"]
[WhiteClock "00:35:20"]
[BlackClock "00:23:04"]
[WhiteTeam "USV TU Dresden 1"]
[BlackTeam "SC Borussia 1920 Friedrichsfelde"]
[PlyCount "112"]
[BlackFideId "16259068"]
[EventCountry "GER"]
[EventRounds "7"]
[EventType "team-swiss"]
[EventDate "2017.12.27"]

1. e4 {[%clk 0:59:57]} e5 {[%clk 0:59:55]} 2. Nf3 {[%clk 0:59:52]} Nc6 {[%clk
0:59:50]} 3. Nc3 {[%clk 0:59:45]} d6 {[%clk 0:59:40]} 4. h3 {[%clk 0:59:38]}
Be6 {[%clk 0:59:35]} 5. Bb5 {[%clk 0:59:26]} Nf6 {[%clk 0:57:38]} 6. d3 {[%clk
0:58:59]} h6 {[%clk 0:56:24]} 7. Be3 {[%clk 0:58:20]} Be7 {[%clk 0:54:57]} 8.
O-O {[%clk 0:57:43]} Qd7 {[%clk 0:53:15]} 9. Qd2 {[%clk 0:56:59]} Bxh3 {[%clk
0:51:43]} 10. gxh3 {[%clk 0:56:22]} Qxh3 {[%clk 0:51:31]} 11. Nh2 {[%clk
0:56:16]} Rg8 {[%clk 0:49:52]} 12. f3 {[%clk 0:55:34]} Nh5 {[%clk 0:44:51]} 13.
Qg2 {[%clk 0:54:15]} Qxg2+ {[%clk 0:43:19]} 14. Kxg2 {[%clk 0:53:41]} Nf4+
{[%clk 0:43:09]} 15. Bxf4 {[%clk 0:53:29]} exf4 {[%clk 0:42:58]} 16. Kf2 {[%clk
0:52:55]} O-O-O {[%clk 0:42:35]} 17. Bxc6 {[%clk 0:52:14]} bxc6 {[%clk
0:42:21]} 18. Ke2 {[%clk 0:52:05]} g5 {[%clk 0:41:47]} 19. Ng4 {[%clk 0:51:43]}
h5 {[%clk 0:41:30]} 20. Nh6 {[%clk 0:51:15]} Rg6 {[%clk 0:39:24]} 21. Nf5
{[%clk 0:50:33]} Bf6 {[%clk 0:39:03]} 22. Kd2 {[%clk 0:50:03]} g4 {[%clk
0:38:15]} 23. Ne2 {[%clk 0:48:39]} Bg5 {[%clk 0:36:16]} 24. fxg4 {[%clk
0:48:19]} f3+ {[%clk 0:35:58]} 25. Ke1 {[%clk 0:47:00]} fxe2 {[%clk 0:34:52]}
26. Kxe2 {[%clk 0:46:43]} hxg4 {[%clk 0:34:17]} 27. Rg1 {[%clk 0:45:41]} Bf6
{[%clk 0:32:12]} 28. Rad1 {[%clk 0:45:07]} Rh8 {[%clk 0:31:33]} 29. Rdf1 {[%clk
0:44:53]} Rh2+ {[%clk 0:31:06]} 30. Ke1 {[%clk 0:43:51]} Rxc2 {[%clk 0:30:27]}
31. Rf2 {[%clk 0:43:05]} Rc1+ {[%clk 0:30:23]} 32. Ke2 {[%clk 0:42:25]} Rxg1
{[%clk 0:30:14]} 33. e5 {[%clk 0:41:46]} Bd8 {[%clk 0:29:45]} 34. exd6 {[%clk
0:41:10]} Re6+ {[%clk 0:29:14]} 35. Ne3 {[%clk 0:40:50]} Bg5 {[%clk 0:29:04]}
36. d7+ {[%clk 0:40:16]} Kxd7 {[%clk 0:28:54]} 37. Rxf7+ {[%clk 0:40:05]} Kd6
{[%clk 0:28:46]} 38. Rf5 {[%clk 0:39:36]} Rxe3+ {[%clk 0:28:41]} 39. Kf2 {[%clk
0:39:14]} Rgg3 {[%clk 0:26:58]} 40. Rxg5 {[%clk 0:38:59]} Rgf3+ {[%clk
0:26:22]} 41. Kg2 {[%clk 0:38:49]} Rxd3 {[%clk 0:26:06]} 42. Rxg4 {[%clk
0:38:36]} Rf6 {[%clk 0:25:29]} 43. Re4 {[%clk 0:38:20]} Rd2+ {[%clk 0:25:11]}
44. Kg1 {[%clk 0:38:04]} Re6 {[%clk 0:24:53]} 45. Rf4 {[%clk 0:37:48]} Re1+
{[%clk 0:24:39]} 46. Rf1 {[%clk 0:37:40]} Rxf1+ {[%clk 0:24:34]} 47. Kxf1
{[%clk 0:37:36]} Ke5 {[%clk 0:24:25]} 48. Ke1 {[%clk 0:37:23]} Rh2 {[%clk
0:24:17]} 49. Kd1 {[%clk 0:37:08]} Kd4 {[%clk 0:24:11]} 50. Kc1 {[%clk
0:36:55]} Kd3 {[%clk 0:24:05]} 51. b3 {[%clk 0:36:22]} Rf2 {[%clk 0:23:48]} 52.
Kb1 {[%clk 0:36:05]} Kc3 {[%clk 0:23:40]} 53. a3 {[%clk 0:35:52]} Kxb3 {[%clk
0:23:21]} 54. Kc1 {[%clk 0:35:39]} Ra2 {[%clk 0:23:09]} 55. Kd1 {[%clk
0:35:33]} Kc3 {[%clk 0:23:04]} 56. Kc1 {[%clk 0:35:20]} Ra1# 0-1

[Event "DVM U10 2017"]
[Site "Magdeburg GER"]
[Date "2017.12.28"]
[Round "4"]
[White "Nitsche, Nikolai"]
[Black "Hänselmann, Hendrik"]
[Result "1-0"]
[Termination "normal"]
[Board "2.1"]
[WhiteElo "1612"]
[BlackElo "1665"]
[WhiteClock "00:32:55"]
[BlackClock "00:16:34"]
[WhiteTeam "SV Empor Berlin 1"]
[BlackTeam "Karlsruher SF 1"]
[PlyCount "71"]
[WhiteFideId "16221036"]
[BlackFideId "16232755"]
[EventCountry "GER"]
[EventRounds "7"]
[EventType "team-swiss"]
[EventDate "2017.12.27"]

1. e4 {[%clk 0:59:59]} c6 {[%clk 0:59:55]} 2. d4 {[%clk 0:59:54]} d5 {[%clk
0:59:51]} 3. e5 {[%clk 0:59:41]} Bf5 {[%clk 0:59:45]} 4. h4 {[%clk 0:59:24]} h5
{[%clk 0:59:32]} 5. Bd3 {[%clk 0:57:34]} Bxd3 {[%clk 0:59:21]} 6. Qxd3 {[%clk
0:57:25]} e6 {[%clk 0:59:10]} 7. Nf3 {[%clk 0:56:54]} Ne7 {[%clk 0:58:12]} 8.
Bg5 {[%clk 0:54:55]} Nd7 {[%clk 0:57:07]} 9. Nbd2 {[%clk 0:52:31]} Qc7 {[%clk
0:55:29]} 10. Bxe7 {[%clk 0:49:36]} Bxe7 {[%clk 0:55:21]} 11. Ng5 {[%clk
0:49:18]} Bxg5 {[%clk 0:53:31]} 12. hxg5 {[%clk 0:49:02]} g6 {[%clk 0:52:32]}
13. g4 {[%clk 0:47:42]} h4 {[%clk 0:49:58]} 14. f4 {[%clk 0:42:23]} c5 {[%clk
0:45:39]} 15. c3 {[%clk 0:42:11]} cxd4 {[%clk 0:43:29]} 16. Qxd4 {[%clk
0:41:57]} a6 {[%clk 0:39:36]} 17. Nf3 {[%clk 0:41:17]} Qc5 {[%clk 0:29:41]} 18.
Rxh4 {[%clk 0:38:21]} Rxh4 {[%clk 0:28:56]} 19. Nxh4 {[%clk 0:36:11]} Qxd4
{[%clk 0:28:21]} 20. cxd4 {[%clk 0:36:06]} Rc8 {[%clk 0:28:08]} 21. Kd2 {[%clk
0:35:54]} Nb6 {[%clk 0:27:08]} 22. b3 {[%clk 0:35:46]} a5 {[%clk 0:26:38]} 23.
f5 {[%clk 0:35:00]} gxf5 {[%clk 0:25:09]} 24. gxf5 {[%clk 0:34:49]} exf5 {[%clk
0:24:57]} 25. Nxf5 {[%clk 0:34:41]} Kf8 {[%clk 0:22:39]} 26. Nd6 {[%clk
0:34:02]} Rc7 {[%clk 0:21:05]} 27. Rf1 {[%clk 0:33:51]} Ke7 {[%clk 0:20:15]}
28. Rxf7+ {[%clk 0:33:46]} Kd8 {[%clk 0:19:19]} 29. Rxc7 {[%clk 0:33:37]} Kxc7
{[%clk 0:19:14]} 30. g6 {[%clk 0:33:35]} Nd7 {[%clk 0:18:32]} 31. g7 {[%clk
0:33:22]} Nf6 {[%clk 0:18:22]} 32. exf6 {[%clk 0:33:16]} a4 {[%clk 0:18:10]}
33. g8=Q {[%clk 0:33:10]} a3 {[%clk 0:17:40]} 34. Qc8+ Kxd6 {[%clk 0:17:12]}
35. f7 {[%clk 0:32:55]} b6 {[%clk 0:16:34]} 36. f8=Q# 1-0

[Event "DVM U10 2017"]
[Site "Magdeburg GER"]
[Date "2017.12.28"]
[Round "4"]
[White "Eichhorn, Valentin"]
[Black "Freude, Max"]
[Result "1/2-1/2"]
[Termination "normal"]
[Board "2.2"]
[WhiteElo "1720"]
[BlackElo "1440"]
[WhiteClock "00:27:38"]
[BlackClock "00:22:29"]
[WhiteTeam "Karlsruher SF 1"]
[BlackTeam "SV Empor Berlin 1"]
[PlyCount "56"]
[WhiteFideId "16239032"]
[BlackFideId "16236157"]
[EventCountry "GER"]
[EventRounds "7"]
[EventType "team-swiss"]
[EventDate "2017.12.27"]

1. d4 {[%clk 0:59:58]} Nf6 {[%clk 0:59:54]} 2. Nf3 {[%clk 0:59:51]} e6 {[%clk
0:59:42]} 3. c4 {[%clk 0:59:34]} d5 {[%clk 0:59:29]} 4. Nc3 {[%clk 0:59:22]}
Bb4 {[%clk 0:58:49]} 5. Bd2 {[%clk 0:58:49]} O-O {[%clk 0:58:14]} 6. e3 {[%clk
0:58:29]} Nbd7 {[%clk 0:57:33]} 7. Bd3 {[%clk 0:58:02]} dxc4 {[%clk 0:57:20]}
8. Bxc4 {[%clk 0:57:52]} c5 {[%clk 0:56:23]} 9. O-O {[%clk 0:56:58]} cxd4
{[%clk 0:55:24]} 10. exd4 {[%clk 0:55:46]} Bxc3 {[%clk 0:53:38]} 11. Bxc3
{[%clk 0:54:41]} b6 {[%clk 0:51:03]} 12. Ne5 {[%clk 0:51:41]} Bb7 {[%clk
0:44:35]} 13. Bb4 {[%clk 0:48:50]} Re8 {[%clk 0:41:58]} 14. Bb5 {[%clk
0:47:23]} a6 {[%clk 0:38:54]} 15. Bc6 {[%clk 0:43:39]} Bxc6 {[%clk 0:36:03]}
16. Nxc6 {[%clk 0:42:38]} Qc7 {[%clk 0:35:40]} 17. Rc1 {[%clk 0:41:24]} Qb7
{[%clk 0:34:24]} 18. Qf3 {[%clk 0:39:28]} Kh8 {[%clk 0:32:12]} 19. Ne5 {[%clk
0:33:29]} Qxf3 {[%clk 0:31:32]} 20. Nxf3 {[%clk 0:33:09]} Nd5 {[%clk 0:30:31]}
21. Bd6 {[%clk 0:32:04]} Rac8 {[%clk 0:30:06]} 22. a3 {[%clk 0:30:48]} h6
{[%clk 0:27:33]} 23. g3 {[%clk 0:29:26]} Kg8 {[%clk 0:26:30]} 24. Ne5 {[%clk
0:27:55]} Nxe5 {[%clk 0:26:03]} 25. dxe5 {[%clk 0:27:38]} Kh7 {[%clk 0:24:37]}
26. Kg2 Kg6 {[%clk 0:22:29]} 27. h3 Ne3+ 28. f4 Nd5 1/2-1/2